000 00275nam a22001217a 4500
999 _c12135
_d12135
082 _a938.05
100 _aAhmed Saleem
245 _aJis Dhaj say koi Maqtal ko Gaya
260 _aKarachi
_bWahid Art Press
_c2006
300 _a439
650 _aEnglish Fiction
942 _cBK